Statistics for Boroughs of London

Click here to take the quiz!

General Stats

  • This quiz has been taken 22,206 times
  • The average score is 13 of 32

Answer Stats

Borough % Correct
Kensington and
Chelsea
83%
Westminster
74%
Hammersmith
and Fulham
57%
Islington
52%
Camden
52%
Croydon
48%
Greenwich
47%
Hackney
45%
Richmond upon
Thames
44%
Southwark
43%
Tower Hamlets
42%
Lambeth
40%
Ealing
39%
Barnet
38%
Barking and
Dagenham
38%
Brent
37%
Harrow
37%
Bromley
37%
Kingston upon
Thames
36%
Lewisham
35%
Hounslow
35%
Wandsworth
33%
Enfield
33%
Haringey
30%
Newham
29%
Sutton
29%
Hillingdon
28%
Merton
28%
Redbridge
27%
Bexley
27%
Waltham Forest
24%
Havering
24%

Score Distribution

Percentile by Number Answered

Percent of People with Each Score

Your Score History

You have not taken this quiz